=LDR 00000nam 2200000 4500 =001 INLIS000000000023929 =005 20201012072805 =035 ##$$a 0010-061300000023929 =008 201012################g##########0#ind## =041 ##$$a Ind =082 ##$$a 306. 095 987 3 =090 ##$$a 306.095, Ter t =245 1#$$a Ternate sebagai bandar dijalur sutra : $b Kumpulan makalah diskusi /$c Penyunting, G.A. Ohorella =260 ##$$a Jakarta :$b Depdikbud,$c 1997 =300 ##$$a ix, 247 hlm : $b Ilus ; $c 21 x 15 cm =650 #4$$a Kebudayaan ternate-kumpulan makalah =850 ##$$a NBPNMAT =084 ##$$a 306. 095 987 3 TER t =100 #$$a Ternate sebagai bandar dijalur sutra =990 ##$$a 125.252/Hd.98 =990 ##$$a 125.251/Hd.98